10 najbardziej okrągłych państw świata - Statystyki

Ogólne statystyki
  • Ten quiz został rozwiązany 76 razy
  • Średni wynik to 3 z 10
Statystyki odpowiedzi
Pozycja Odpowiedź % Poprawnych
5 Polska
96%
4 Watykan
62%
9 Urugwaj
37%
2 Nauru
34%
1 Sierra Leone
34%
10 Rumunia
27%
6 Wybrzeże kości słoniowej
18%
3 Zimbabwe
17%
8 Szwajcaria
14%
7 Surinam
11%
Nie znaleziono quizów pasujących do podanych kryteriów
Rozkład punktacji
Procent ludzi z każdym wynikiem
Percentyl według liczby udzielonych odpowiedzi
Twoja historia wyników
Nie rozwiązałeś tego quizu